000
00315nam a2200133Ia 4500
005
20260328101516.0
008
260328s9999||||xx |||||||||||||| ||und||
100
_a
Lefebvre, Henri
245
0
_a
Le droit a la ville /
_c
Henri Lefebvre
260
_b
Anthropos
300
_a
164 p.
650
_a
URBANISMO
942
_c
BK
999
_c
9394
_d
9394